Statistics for Solo Levelling Characters

Click here to take the quiz!

General Stats

  • This quiz has been taken 76 times
  • The average score is 24 of 92

Answer Stats

Answer% Correct
Il-Hwan Sung
87%
Jin-Ah Sung
87%
Jin-Woo Sung
87%
Hae-In Cha
79%
Igris
70%
Gun-Hee Go
69%
Myung-Hwan Go
66%
Beru
61%
Iron
59%
Jin-Chul Woo
56%
Sang-Min An
56%
Tank
53%
Tusk
53%
Bellion
50%
Shadow Monarch
49%
Thomas Andre
49%
Greed
39%
Yoon-Ho Baek
39%
Kaisel
36%
Statue of God
36%
Antares
34%
Architect
33%
Gyu-Hwan Cho
31%
Jin-Ho Yoo
31%
Jin-Hui Yoo
31%
Ju-Hee Lee
31%
Kamish
31%
Meung-Han Yoo
31%
Min-Sung Lee
31%
Shadow High Orc
31%
Soo-Hyun Yoo
31%
Dong-Wook Ma
30%
Hee-Jin Park
30%
Jong-In Choi
30%
Jong-Soo Park
30%
Kyung-Hye Park
30%
Ryuji Goto
26%
Baran
24%
Sang-Shik Kim
24%
Christopher Reed
23%
Adam White
21%
Norma Selner
21%
Kim-Chul
20%
Byeong-Go Min
19%
Jima
19%
Ki-Hoon Son
19%
Liu Zhigang
19%
Song-Yi Han
19%
Absolute Being
17%
Kei
17%
Sung-Chan Joo
17%
Baruka
16%
Chi-Yul Song
16%
Ippei Izawa
16%
Legia
16%
Akari Shimizu
14%
Atsushi Kumamoto
14%
Arch Lich
13%
Lennart Niermann
13%
Querehsha
13%
Tae-Shik Kang
13%
Esil Radiru
11%
Gina
11%
Hanekawa
11%
Kanae Tawata
11%
Ken Tanaka
11%
Ki-Joong Yoon
11%
Laura
11%
Mari Ishida
11%
Minoru Hoshino
11%
Monarch of the Beasts
11%
Raizi Sugimoto
11%
Yuri Orlov
11%
Monarch of the Iron Body
10%
Tae-Gyu Lim
10%
Jay Mills
9%
Tatsumi Fujishima
9%
Yogumunt
9%
Arte
6%
Brightest Fragment of Luminosity
6%
Guroktaru
6%
Belzer
4%
David Brannen
4%
Dong-Su Huang
4%
Dong-Suk Huang
4%
Jun-Seok
4%
Michael Conner
4%
Nogawa
4%
Shadow Infantry
4%
Shigeo Matsumoto
4%
Ye-Rim Jeong
4%
Shadow Magician
3%

Score Distribution

Percentile by Number Answered

Percent of People with Each Score

Your Score History

You have not taken this quiz